| 000 | 00703cab a2200193 4500 | ||
|---|---|---|---|
| 001 | WB2816-31 | ||
| 008 | 090401t1992 xxu||||| |||| 00| 0 eng d | ||
| 035 | _a(Sirsi) u308 | ||
| 041 | _aeng | ||
| 245 | _aRetail spearheads Berlin`s expansion | ||
| 260 | _c1992 | ||
| 350 | _a0 | ||
| 490 |
_aEstates Times _v(1138) 10 April 1992, 4(1) |
||
| 520 | _aAt their conference, the International Council of Shopping Centres heard of plans to expand Berlin`s retail sector as the city takes on the role of capital again, but without recourse to peripheral shopping centres which would conflict with the planning ethos. | ||
| 650 | _aGERMANY | ||
| 690 | _aOVERSEAS-EUROPE | ||
| 942 | _n0 | ||
| 948 | _c04/03/1997 | ||
| 999 |
_c118 _d118 |
||